000
00283nam a2200133Ia 4500
100
_a
Wangsness R.K.
250
_a
2
942
_c
BK
654
_a
Electromagnetic
245
_a
Electromagnetic fields
260
_b
John Wiley
_a
New York
_c
1986
300
_a
706
546
_a
ENGLISH
999
_c
32950
_d
32950